000 00339nam a22001451a 4500
020 _a9788190295956
082 _aH 294.342
_bLAL/S
100 _aLaldev Yadav
245 _aSthavirvada aur Nirvana/
_cby Laldev Yadav
260 _aPatna:
_bImpression,
_c2007.
300 _a168p.
650 _aBuddhism
650 _aReligion
942 _cBK
999 _c44172
_d44172